Historical Icons Quiz - Statistics

General Stats
  • This quiz has been taken 17 times
  • The average score is 7 of 16
Answer Stats
Picture Answer % Correct
John F Kennedy
100%
Florence Nightingale
92%
Richard Nixon
92%
Richard III
77%
Oliver Cromwell
62%
Lord Byron
46%
Edward Jenner
23%
Galen
23%
Harald Hardrada
23%
John Snow
23%
Petrach
23%
Wilfred Owen
23%
Dante Gabriel Rossetti
15%
John Osbourne
15%
King Cnut
15%
Lord Alfred Douglas 'Bosie'
15%
No matching quizzes found
Score Distribution
Percent of People with Each Score
Percentile by Number Answered
Your Score History
You have not taken this quiz